000 00533nam a22001697a 4500
999 _c8752
_d8752
008 201211b ||||| |||| 00| 0 eng d
040 _aBMS College of Architecture
100 _aMokhashi, Satish Shreya
245 _aZenith - beyond luxury - a five star hotel
300 _a66p.
500 _a1BM11AT065
502 _8B,Arch
_NBMS College of Architecture, Visvesvaraya Technological University (VTU)
_aProject report
_d2015
650 _aNA
700 _aBhaghyalaxmi M
_eGuide
700 _aMadhuri Rao
_eGuide
942 _2ddc
_cTHE